01255 2200253 4500001002100000005001500021035002000036008004100056020001800097041000800115082000800123084001400131100001900145245007300164250001200237260003500249300003500284520056400319650002100883650001900904700002600923990002600949990002600975INLIS00000000000853920221111051645 a0010-0520008539221111 | | eng  a0-07-112388-1 aeng a425 a425 PAV i0 aPavlik, Cheryl1 aInteractions 1 :bWriting /cCheryl Pavlik and Margaret Keenan Segal a4th Ed. aNew York :bMcGraw Hill,c2002 axi, 211 p. :billus. ;c24 cm. aInteractions Mosaic 4th Edition is the newly expanded five-level, four-skill comprehensive ESL/ELT series for academic students. The new edition, for beginners to advanced learners, incorporates interactive and communicative activities while still focusing on skill building to prepare students for academic content. Reading, Writing, Listening and Speaking, as well as Grammar are thoroughly presented in each strand. High-interest themes are integrated across all skill strands and levels. Language proficiencies as well are articulated from level to level. 4aEnglish language 4aReport writing0 aMargaret Keenan Segal a16374/MKRI-P/III-2009 a16374/MKRI-P/III-2009